[Event "Olimpiadi 2008 - open"]
[Site "Dresda GER"]
[Date "2008.11.13"]
[Round "1"]
[White "Nguyen Ngoc Truong Son"]
[Black "Ivanchuk, V."]
[Result "1/2-1/2"]
[WhiteElo "2567"]
[BlackElo "2786"]
[PlyCount "105"]
[EventDate "2008.11.13"]
[Source "www.chesslib.no"]
[SourceDate "2004.05.04"]

1. c4 e5 2. Nc3 Nf6 3. g3 Bb4 4. Bg2 O-O 5. Nf3 Re8 6. O-O d6 7. Ne1 Nc6 8. Nc2 a5 9. d3 Nd4 10. Bg5 Bxc3 11. bxc3 Ne6 12. f4 exf4 13. Bxf4 Nxf4 14. Rxf4 Nd7 15. Rb1 Rb8 16. d4 Nf8 17. Qd3 b6 18. Rbf1 f6 19. h4 Bd7 20. e4 Ng6 21. R4f2 Ne7 22. Ne3 Be6 23. g4 Qd7 24. Qd1 Rf8 25. Kh2 Kh8 26. g5 Ng8 27. d5 Bf7 28. Qd4 Qe7 29. Nf5 Qe5+ 30. Qxe5 dxe5 31. Bh3 Rbd8 32. gxf6 Nxf6 33. Nxg7 Bxd5 34. exd5 Kxg7 35. Be6 e4 36. Kh3 e3 37. Re2 Ne4 38. Rg1+ Kh6 39. Rxe3 Rf4 40. Rge1 Nd6 41. Bg4 Rxc4 42. Re6+ Kg7 43. Re7+ Kh8 44. R1e3 Rg8 45. Be2 Rf4 46. Bd3 Rg7 47. Rxg7 Kxg7 48. Kg3 Rf7 49. Re5 h6 50. Re6 Rf6 51. Re7+ Rf7 52. Re6 Rf6 53. Re7+ 1/2-1/2

[Event "Baden_Baden"]
[Site "?"]
[Date "1992.??.??"]
[Round "?"]
[White "Huebner, R."]
[Black "Karpov, An"]
[Result "0-1"]
[WhiteElo "2630"]
[BlackElo "2715"]
[PlyCount "122"]
[EventDate "1992.??.??"]
[Source "ChessBase"]
[SourceDate "1992.10.01"]

1. c4 e5 2. Nc3 Nf6 3. g3 Bb4 4. Nf3 e4 5. Nd4 Nc6 6. Nc2 Bxc3 7. bxc3 O-O 8. Bg2 Re8 9. O-O d6 10. Ne3 Bd7 11. Qc2 Na5 12. d3 Bc6 13. Bd2 Qd7 14. Rae1 b6 15. f3 exd3 16. exd3 h5 17. Rf2 Re7 18. Rfe2 Rae8 19. Bc1 Bb7 20. Nd1 d5 21. cxd5 Nxd5 22. Re4 Nf6 23. Rxe7 Rxe7 24. Rxe7 Qxe7 25. Kf1 Nc6 26. Qe2 Qd7 27. Nf2 Qf5 28. Bf4 Qc5 29. Nd1 Ba6 30. c4 Nb4 31. Be3 Qc6 32. Kg1 Qd7 33. Bf1 c5 34. Nc3 Nc6 35. Ne4 Qf5 36. Bg2 Nxe4 37. fxe4 Qe5 38. Bf4 Qd4+ 39. Be3 Qa1+ 40. Bf1 g6 41. g4 hxg4 42. Qxg4 Ne5 43. Qe2 b5 44. Bxc5 bxc4 45. dxc4 Bxc4 46. Qf2 Ng4 47. Qf4 Bxf1 48. Qxf1 Qxa2 49. Qf4 Qb1+ 50. Kg2 Qc2+ 51. Kh3 Qxc5 52. Kxg4 Qd4 53. Kf3 a5 54. Qc7 a4 55. Qa5 Qd3+ 56. Kf4 a3 57. h4 Qh3 58. Ke5 Qe6+ 59. Kd4 a2 60. h5 Qf6+ 61. e5 Qf2+ 0-1

[Event "Roquebrune"]
[Site "Roquebrune"]
[Date "1992.??.??"]
[Round "?"]
[White "Ljubojevic, Ljubomir"]
[Black "Ivanchuk, Vassily"]
[Result "1-0"]
[WhiteElo "2610"]
[BlackElo "2720"]
[PlyCount "69"]
[EventDate "1992.02.??"]
[Source "www.chesslib.no"]
[SourceDate "2004.05.04"]

1. c4 e5 2. Nc3 Nf6 3. g3 Bb4 4. Qc2 O-O 5. Bg2 Nc6 6. Nf3 Re8 7. O-O e4 8. Ng5 Bxc3 9. dxc3 Qe7 10. Nh3 Qc5 11. b3 d6 12. Nf4 g5 13. Nd5 Nxd5 14. cxd5 Qxd5 15. c4 Qf5 16. Bb2 Bd7 17. Rad1 Qg6 18. Qc3 f5 19. c5 Ne5 20. cxd6 cxd6 21. Qc7 Bc6 22. Rxd6 Qf7 23. Qa5 b6 24. Qc3 Rac8 25. Qd4 Bb7 26. Rd1 e3 27. Bxb7 Qxb7 28. Qxe3 Qe7 29. Qd4 Rc2 30. Rd2 Rxd2 31. Qxd2 Nf7 32. Rc6 h6 33. e3 Kh7 34. Qc2 Qd7 35. Rc7 1-0

[Event "Koop Tjuchem"]
[Site "Groningen"]
[Date "1996.??.??"]
[Round "1"]
[White "Akopian, Vladimir"]
[Black "Sokolov, Ivan"]
[Result "1/2-1/2"]
[WhiteElo "2630"]
[BlackElo "2670"]
[PlyCount "67"]
[EventDate "1996.12.20"]
[Source "ChessBase"]
[SourceDate "1997.04.10"]

1. c4 e5 2. Nc3 Nf6 3. g3 Bb4 4. Bg2 O-O 5. Nf3 Re8 6. O-O c6 7. d3 h6 8. Nd2 Na6 9. a3 Bxc3 10. bxc3 Nc7 11. a4 d5 12. cxd5 cxd5 13. c4 Bg4 14. h3 Bh5 15. Bb2 d4 16. Ba3 Rb8 17. Re1 Qd7 18. Qb3 Bg6 19. e4 dxe3 20. Rxe3 b6 21. Bb2 Qd6 22. Qa3 Qxa3 23. Rxa3 Nd7 24. Bc6 Rbd8 25. a5 Ne6 26. axb6 axb6 27. Bxe5 Nxe5 28. Rxe5 Rf8 29. Be4 Bxe4 30. Nxe4 Nd4 31. Nd2 Rd7 32. Kg2 Rfd8 33. Rc3 Ne6 34. Kf1 1/2-1/2

[Event "Madrid"]
[Site "?"]
[Date "1995.??.??"]
[Round "?"]
[White "Kortchnoi, V."]
[Black "Timman, J."]
[Result "1/2-1/2"]
[WhiteElo "2635"]
[BlackElo "2635"]
[PlyCount "40"]
[EventDate "1995.??.??"]
[Source "ChessBase"]
[SourceDate "1995.10.01"]

1. c4 e5 2. Nc3 Nf6 3. g3 Bb4 4. Nd5 Nxd5 5. cxd5 O-O 6. Bg2 c6 7. e4 cxd5 8. exd5 d6 9. Ne2 Bf5 10. O-O Bd3 11. Qb3 Bxe2 12. Re1 Bd3 13. Qxd3 Qb6 14. Qe2 Nd7 15. Rd1 Bc5 16. d3 Rac8 17. Be3 Bxe3 18. fxe3 Rc7 19. Rf1 Qc5 20. Rf2 Nf6 1/2-1/2

[Event "Biel"]
[Site "?"]
[Date "1999.??.??"]
[Round "?"]
[White "Bunzmann, D."]
[Black "Piket, Je"]
[Result "0-1"]
[WhiteElo "2595"]
[BlackElo "2635"]
[PlyCount "82"]
[EventDate "1999.??.??"]
[Source "Chess Informant"]
[SourceDate "1999.06.01"]

1. c4 e5 2. Nc3 Nf6 3. g3 Bb4 4. Bg2 O-O 5. Nf3 Re8 6. O-O e4 7. Ng5 Bxc3 8. dxc3 d6 9. Nh3 Nbd7 10. Qd4 b6 11. Nf4 Bb7 12. Rd1 Ne5 13. b3 a5 14. Be3 Neg4 15. Bc1 a4 16. b4 Ne5 17. Be3 c5 18. Qxd6 Nxc4 19. Qxd8 Rexd8 20. bxc5 Nxe3 21. fxe3 bxc5 22. Rdb1 Bc6 23. Rb6 Rac8 24. h4 h6 25. Bh3 Rc7 26. h5 Kf8 27. Rab1 Ke7 28. c4 Rd2 29. Ra6 Rxa2 30. Rbb6 Kd6 31. Kf2 a3 32. Ke1 Rb2 33. Rb5 Rb4 34. Rba5 Rxc4 35. Rxa3 Rb7 36. Ra2 Rc1+ 37. Kd2 Rg1 38. Kc3 Rxg3 39. Bc8 Rc7 40. Bf5 Rxe3+ 41. Kc4 Ke5 0-1

[Event "Munchen"]
[Site "?"]
[Date "1992.??.??"]
[Round "?"]
[White "Huebner, R."]
[Black "Christiansen, L."]
[Result "1/2-1/2"]
[WhiteElo "2615"]
[BlackElo "2595"]
[PlyCount "68"]
[EventDate "1992.??.??"]
[Source "ChessBase"]
[SourceDate "1992.02.01"]

1. c4 e5 2. Nc3 Nf6 3. g3 Bb4 4. Bg2 O-O 5. e4 Bxc3 6. bxc3 c6 7. Ba3 Re8 8. Qb3 b6 9. d3 Bb7 10. Nf3 d5 11. Nd2 Na6 12. O-O Nc7 13. Rfe1 Qd7 14. Rad1 Rad8 15. exd5 cxd5 16. Nf3 dxc4 17. dxc4 Qc8 18. Rxd8 Qxd8 19. Rxe5 Rxe5 20. Nxe5 Bxg2 21. Kxg2 Qa8+ 22. f3 Qd8 23. Qc2 Qe8 24. Bd6 Ne6 25. Qb1 Qd8 26. Qd3 h6 27. Bb4 Qe8 28. Qd6 a5 29. Ba3 Qa4 30. Kg1 Qc2 31. Qxb6 Qd1+ 32. Kf2 Qd2+ 33. Kf1 Qd1+ 34. Kf2 Qd2+ 1/2-1/2

[Event "SSKK Bulletinen 40 years"]
[Site "SSKK Bulletinen 40 years"]
[Date "1994.??.??"]
[Round "?"]
[White "Joffe, Manne"]
[Black "Busemann, Stephan"]
[Result "0-1"]
[WhiteElo "2660"]
[BlackElo "2540"]
[PlyCount "106"]
[EventDate "1994.??.??"]
[Source "www.chesslib.no"]
[SourceDate "2004.05.04"]

1. c4 e5 2. Nc3 Nf6 3. g3 Bb4 4. Bg2 O-O 5. Nf3 Re8 6. a3 Bxc3 7. bxc3 e4 8. Nd4 c5 9. Nc2 d5 10. cxd5 Qxd5 11. O-O Nc6 12. d4 Qc4 13. Bb2 Bg4 14. Re1 Nd5 15. Qd2 Rad8 16. Rab1 b6 17. Ba1 h6 18. h3 Bc8 19. Ne3 Nxe3 20. Qxe3 f5 21. Bf1 Na5 22. h4 Qa4 23. c4 Nxc4 24. Qc1 Nxa3 25. Rb2 Be6 26. dxc5 Rc8 27. Rd2 Rxc5 28. Qb2 Re7 29. e3 Nc2 30. Rd8+ Kh7 31. Rb1 Nxa1 32. Rxa1 Qb3 33. Qe2 Bc4 34. Qd2 Rd5 35. Rxd5 Bxd5 36. Rc1 Rd7 37. Qd4 Be6 38. Qe5 Qd5 39. Qb8 Qd6 40. Qc8 Qd2 41. Bh3 Qe2 42. Rf1 Qb5 43. Qe8 Bc4 44. Re1 Qd5 45. Rc1 Rf7 46. Qb8 b5 47. Bf1 Bxf1 48. Rxf1 Rb7 49. Qa8 b4 50. Kg2 Rd7 51. Qe8 b3 52. Rb1 Rb7 53. h5 Qb5 0-1

[Event "Open Aeroflot"]
[Site "Mosca RUS"]
[Date "2007.02.18"]
[Round "5"]
[White "Anastasian, A."]
[Black "Kuzubov, Y."]
[Result "1-0"]
[WhiteElo "2587"]
[BlackElo "2554"]
[PlyCount "191"]
[EventDate "2007.02.14"]
[Source "www.chesslib.no"]
[SourceDate "2004.05.04"]

1. c4 e5 2. Nc3 Nf6 3. g3 Bb4 4. Bg2 Bxc3 5. dxc3 d6 6. Bg5 Nbd7 7. Nf3 h6 8. Bxf6 Nxf6 9. O-O O-O 10. Ne1 e4 11. Nc2 Qe7 12. Ne3 Bd7 13. Qd4 b6 14. f4 Rfe8 15. Rad1 Rad8 16. Nd5 Nxd5 17. cxd5 h5 18. h3 a5 19. Qe3 Bf5 20. Rd4 Qd7 21. h4 Qb5 22. b3 Qc5 23. Kf2 b5 24. Rh1 Rc8 25. Bh3 Bxh3 26. Rxh3 Qa3 27. Rd2 a4 28. bxa4 bxa4 29. Rh1 c6 30. dxc6 Rxc6 31. Rc2 Rc4 32. Rd1 Rec8 33. Rd5 Rxc3 34. Rxc3 Qxc3 35. Qxe4 Qc2 36. Qxc2 Rxc2 37. Rxh5 Rxa2 38. Rd5 Ra1 39. Rxd6 a3 40. f5 a2 41. Ra6 Kh7 42. g4 Rh1 43. Rxa2 Rxh4 44. Kg3 Rh1 45. e4 Re1 46. Kf4 f6 47. g5 Rf1+ 48. Ke3 fxg5 49. Rh2+ Kg8 50. Rg2 Kf7 51. Rxg5 Ra1 52. Rg6 Ra3+ 53. Kf4 Ra1 54. Rd6 Ke7 55. Ke5 Ra5+ 56. Rd5 Ra7 57. Rc5 Rb7 58. Ra5 Rc7 59. Ra6 Rc5+ 60. Kd4 Rc1 61. Rg6 Kf7 62. Kd5 Rd1+ 63. Ke5 Rd7 64. Rc6 Ke7 65. Kf4 Rd4 66. Ke3 Rd1 67. Kf4 Rd4 68. Re6+ Kf7 69. Ke5 Rd7 70. Rd6 Ra7 71. Rd4 Ke7 72. Rc4 Rd7 73. Kf4 Ra7 74. Rb4 Rc7 75. Kg5 Rc1 76. Rb7+ Kf8 77. Kf4 Rc5 78. Rd7 Ra5 79. e5 Ra1 80. Ke4 Rb1 81. Kd5 Rb6 82. Rc7 Ra6 83. Kc5 Ra1 84. Kd6 Ra6+ 85. Kd7 Ra5 86. Rc8+ Kf7 87. e6+ Kf6 88. Rf8+ Ke5 89. Kc6 Ra7 90. Rf7 Ra8 91. e7 Ra6+ 92. Kd7 Ra8 93. Rf8 Ra7+ 94. Ke8 Kd6 95. f6 Ke6 96. Kd8 1-0

[Event "Calviá ol (Men)"]
[Site "Mallorca"]
[Date "2004.10.23"]
[Round "8.7"]
[White "Gelashvili, Tamaz"]
[Black "Van den Doel, Erik"]
[Result "1-0"]
[WhiteElo "2576"]
[BlackElo "2560"]
[PlyCount "63"]
[EventDate "2004.10.15"]
[Source "Roberto Alvarez"]
[SourceDate "2004.10.25"]

1. c4 e5 2. Nc3 Nf6 3. g3 Bb4 4. Nd5 Nxd5 5. cxd5 c6 6. Bg2 O-O 7. a3 Ba5 8. b4 Bb6 9. e3 d6 10. Ne2 cxd5 11. Bxd5 Nd7 12. Bb2 Nf6 13. Bg2 Qe7 14. O-O Be6 15. Rc1 a5 16. bxa5 Rxa5 17. Rb1 Qc7 18. f4 Bc5 19. d4 exd4 20. Nxd4 Bd7 21. Qd3 Re8 22. Rfe1 Qc8 23. Rbc1 Qa8 24. Nb3 Bxa3 25. Bxb7 Qxb7 26. Nxa5 Qxb2 27. Rb1 Qxb1 28. Qxb1 Bc5 29. Nb7 Rb8 30. Qa1 Bb4 31. Rb1 Bd2 32. Qd4 1-0

[Event "New York (open)"]
[Site "?"]
[Date "1990.??.??"]
[Round "?"]
[White "Christiansen, L."]
[Black "Epishin, V."]
[Result "0-1"]
[WhiteElo "2560"]
[BlackElo "2550"]
[PlyCount "66"]
[EventDate "1990.??.??"]
[Source "ChessBase"]
[SourceDate "1990.07.01"]

1. c4 e5 2. Nc3 Nf6 3. g3 Bb4 4. Bg2 O-O 5. e4 Bxc3 6. bxc3 Re8 7. Ne2 c6 8. Qb3 b6 9. O-O Bb7 10. f4 exf4 11. d3 d5 12. Bxf4 Nbd7 13. exd5 Rxe2 14. Bf3 Qe7 15. Qd1 Re3 16. dxc6 Rxf3 17. Qxf3 Qc5+ 18. Be3 Bxc6 19. Qf4 Qh5 20. Bd4 Ng4 21. h4 Nge5 22. Bxe5 Nxe5 23. d4 Nxc4 24. Rae1 Qd5 25. Re2 h6 26. g4 Qh1+ 27. Kf2 Qxh4+ 28. Kg1 Rf8 29. Rh2 Qe7 30. Rh5 Qe3+ 31. Qxe3 Nxe3 32. Re1 Nxg4 33. d5 Nf6 0-1

[Event "Graz op-A"]
[Site "?"]
[Date "1999.??.??"]
[Round "7"]
[White "Miezis Normunds"]
[Black "Lerner Konstantin Z"]
[Result "0-1"]
[WhiteElo "2520"]
[BlackElo "2585"]
[PlyCount "112"]
[EventDate "1999.??.??"]
[Source "www.chesslib.no"]
[SourceDate "2004.05.04"]

1. c4 e5 2. Nc3 Nf6 3. g3 Bb4 4. Bg2 O-O 5. e4 Bxc3 6. dxc3 d6 7. Qc2 a6 8. a4 Nbd7 9. Nf3 Nc5 10. Nd2 a5 11. b3 Be6 12. O-O Nfd7 13. Nf3 b5 14. axb5 a4 15. bxa4 Bxc4 16. Bg5 f6 17. Be3 Bd3 18. Qd1 Ra5 19. Nh4 Qa8 20. Qg4 Rf7 21. Nf5 Kh8 22. Rfe1 Bxb5 23. h4 Bc6 24. h5 Bxe4 25. Bh6 Bxf5 26. Qxf5 e4 27. Bf4 Re7 28. Qh3 h6 29. f3 Rxa4 30. Rxa4 Qxa4 31. fxe4 Nd3 32. Rb1 Qa2 33. Rf1 N7e5 34. Qc8+ Qg8 35. Qb7 Qf7 36. Qc8+ Re8 37. Qf5 Rb8 38. Ra1 c6 39. Be3 c5 40. Bf1 Re8 41. Rd1 c4 42. Ra1 Nc5 43. Bg2 Qe7 44. Rf1 Nf7 45. Bf4 Nd3 46. Ra1 Ng5 47. Qd5 Nxe4 48. Qxc4 Nxf4 49. gxf4 f5 50. Qb5 Nxc3 51. Qxf5 Ne2+ 52. Kh2 Qh4+ 53. Bh3 Nxf4 54. Rf1 Nxh5 55. Qg6 Re2+ 56. Kg1 Nf4 0-1

[Event "Mephisto-GM-Turnier"]
[Site "Altensteig"]
[Date "1993.??.??"]
[Round "8"]
[White "Stangl, Markus"]
[Black "Almasi, Zoltan"]
[Result "0-1"]
[WhiteElo "2525"]
[BlackElo "2580"]
[PlyCount "76"]
[EventDate "1993.07.??"]
[Source "ChessBase"]

1. c4 e5 2. Nc3 Nf6 3. g3 Bb4 4. Bg2 O-O 5. e4 Bxc3 6. bxc3 d6 7. Ne2 Be6 8. d3 Na6 9. O-O Qc8 10. f4 Bh3 11. Be3 Bxg2 12. Kxg2 Ng4 13. Bg1 f5 14. h3 Nh6 15. fxe5 dxe5 16. c5 Kh8 17. Qb3 c6 18. Qc4 Nc7 19. Be3 Ng8 20. Rab1 Rb8 21. Ng1 fxe4 22. dxe4 Nb5 23. Rxf8 Qxf8 24. Rf1 Nf6 25. a4 Nc7 26. Rf5 Re8 27. Nf3 Qg8 28. Nd2 Qxc4 29. Nxc4 Nxe4 30. Nd6 Nd5 31. Bc1 Nxd6 32. cxd6 h6 33. Rf7 Rd8 34. Ba3 Ne3+ 35. Kg1 Nc4 36. Bb4 a5 37. Bc5 b6 38. Bf2 Rxd6 0-1

[Event "Korchnoi"]
[Site "?"]
[Date "2001.??.??"]
[Round "?"]
[White "Taimanov, M."]
[Black "Rublevsky, S."]
[Result "0-1"]
[WhiteElo "2450"]
[BlackElo "2655"]
[PlyCount "173"]
[EventDate "2001.??.??"]
[Source "www.chesslib.no"]
[SourceDate "2004.05.04"]

1. c4 e5 2. Nc3 Nf6 3. g3 Bb4 4. Nf3 Bxc3 5. dxc3 d6 6. Bg2 h6 7. O-O Nc6 8. Ne1 Be6 9. b3 Qd7 10. Nc2 Bh3 11. Ne3 h5 12. Nd5 Bxg2 13. Kxg2 h4 14. Rh1 O-O-O 15. Bg5 Qf5 16. Bxf6 gxf6 17. Qd3 Qg5 18. Qe3 Qg6 19. b4 Kb8 20. Qd3 f5 21. b5 e4 22. Qe3 Ne5 23. Qd4 Qg4 24. Nf4 Rdg8 25. Kf1 hxg3 26. fxg3 Nf3 27. Qf2 Nd2+ 28. Ke1 Nxc4 29. a4 Qxg3 30. hxg3 Rxh1+ 31. Qf1 Rxf1+ 32. Kxf1 Rxg3 33. Kf2 Rxc3 34. Rh1 a5 35. Nd5 Rc2 36. Rh8+ Ka7 37. Nxc7 Nb6 38. Ne8 d5 39. Nd6 f4 40. Rh7 Nc4 41. Nc8+ Kb8 42. Ne7 Ne3 43. b6 Rc8 44. Nxc8 Kxc8 45. Rxf7 Nc4 46. Rc7+ Kb8 47. Rc5 Nxb6 48. Rxa5 Kc7 49. Rc5+ Kd6 50. Rb5 Kc6 51. Rb4 Nc4 52. Rb1 e3+ 53. Kg2 Nd2 54. Rb4 d4 55. Rxd4 f3+ 56. exf3 e2 57. Rxd2 e1=Q 58. Rd4 Qe2+ 59. Kg3 Qe5+ 60. Rf4 Kd5 61. Kg4 Qg7+ 62. Kh3 Ke5 63. Rg4 Qc7 64. Kg2 Kf5 65. Re4 Qg7+ 66. Kf2 Qb2+ 67. Kg3 Qd2 68. Rg4 Qe1+ 69. Kg2 Qe2+ 70. Kg3 Qd2 71. Re4 b6 72. Rg4 Qe1+ 73. Kg2 Qe3 74. Kg3 Qg1+ 75. Kh3 Qf2 76. Rg3 Kf4 77. Rg4+ Kxf3 78. Rg6 Qf1+ 79. Kh2 Qe2+ 80. Kh3 Qe5 81. Kh4 Qe4+ 82. Kh5 Qxa4 83. Rf6+ Kg3 84. Rg6+ Kh3 85. Rf6 Qg4+ 86. Kh6 b5 87. Kh7 0-1

[Event "Budapest FS05 GM+"]
[Site "Budapest"]
[Date "1996.??.??"]
[Round "3"]
[White "Votava, Jan"]
[Black "Dao Thien Hai"]
[Result "1/2-1/2"]
[WhiteElo "2540"]
[BlackElo "2560"]
[PlyCount "68"]
[EventDate "1996.05.??"]
[Source "ChessBase"]

1. c4 e5 2. Nc3 Nf6 3. g3 Bb4 4. Bg2 O-O 5. d3 Re8 6. e4 Bxc3+ 7. bxc3 h6 8. Ne2 c6 9. O-O d5 10. cxd5 cxd5 11. exd5 Nxd5 12. Qb3 Nb6 13. c4 Nc6 14. Be3 Bg4 15. Rfe1 Re7 16. Nc3 Rd7 17. c5 Nc8 18. Ne4 Be6 19. Qb2 N8e7 20. Nd6 Rb8 21. f4 f6 22. d4 b6 23. dxe5 bxc5 24. Qc3 fxe5 25. fxe5 c4 26. Bc5 Qa5 27. Qxa5 Nxa5 28. Rab1 Rxb1 29. Rxb1 Nec6 30. Be4 c3 31. Rc1 Nxe5 32. Rxc3 Nac4 33. Nxc4 Bxc4 34. Rc2 a6 1/2-1/2

[Event "Cannes schev"]
[Site "Cannes"]
[Date "1989.??.??"]
[Round "?"]
[White "Spassky, Boris V"]
[Black "Anand, Viswanathan"]
[Result "1/2-1/2"]
[WhiteElo "2580"]
[BlackElo "2515"]
[PlyCount "97"]
[EventDate "1989.02.??"]
[Source "ChessBase"]

1. c4 e5 2. Nc3 Nf6 3. g3 Bb4 4. Bg2 O-O 5. Nf3 d6 6. O-O Bxc3 7. bxc3 Nc6 8. d3 Re8 9. e4 a6 10. a4 Nd7 11. Nh4 Nc5 12. a5 Qf6 13. Ra3 g5 14. Nf3 h6 15. h4 g4 16. Nh2 Qg6 17. f3 gxf3 18. Qxf3 Bd7 19. g4 f6 20. Ra2 Rf8 21. Raf2 Nxa5 22. h5 Qg7 23. Qxf6 Rxf6 24. Rxf6 Kh7 25. Rf7 Nxd3 26. g5 hxg5 27. Bxg5 Nf4 28. Rxg7+ Kxg7 29. Bxf4 exf4 30. Rxf4 Rh8 31. Rh4 Nxc4 32. e5 Nxe5 33. Bxb7 a5 34. Nf3 Nxf3+ 35. Bxf3 a4 36. Rb4 Rf8 37. Bg4 Be8 38. Rb7 Kh6 39. Bd1 a3 40. Ra7 Bb5 41. Bb3 Rf3 42. Rxc7 Rf1+ 43. Kg2 Rb1 44. Bg8 a2 45. Bxa2 Rb2+ 46. Kg3 Rxa2 47. c4 Ba4 48. c5 d5 49. Ra7 1/2-1/2

[Event "URS-JUG"]
[Site "Erevan ARM"]
[Date "1971.??.??"]
[Round "?"]
[White "Vukic, Milan"]
[Black "Korchnoi, Viktor L"]
[Result "0-1"]
[WhiteElo "2430"]
[BlackElo "2660"]
[PlyCount "94"]
[EventDate "1971.??.??"]
[Source "www.chesslib.no"]
[SourceDate "2004.05.04"]

1. c4 e5 2. Nc3 Nf6 3. g3 Bb4 4. Bg2 O-O 5. Nf3 Re8 6. O-O e4 7. Nd4 Bxc3 8. dxc3 d6 9. h3 b6 10. b3 Bb7 11. Nc2 Nbd7 12. Ne3 Re5 13. a4 a5 14. Qc2 h6 15. Rd1 Qe8 16. Nf1 Nf8 17. Be3 Re6 18. Ra2 Ng6 19. Bc1 Re5 20. Ne3 Qe6 21. Rd4 Re8 22. Qd1 Ne7 23. Qf1 Nd7 24. Rd1 Nc5 25. Rb2 Qd7 26. Nc2 Ng6 27. Nd4 f5 28. Kh2 Qf7 29. Bf4 R5e7 30. Qh1 Qf6 31. Rc2 Nxf4 32. gxf4 g5 33. fxg5 hxg5 34. Kg1 f4 35. Qh2 g4 36. e3 f3 37. Bf1 Rg7 38. Kh1 Nd3 39. Rcd2 Nxf2+ 40. Qxf2 g3 41. Qe1 c5 42. Nb5 f2 43. Qe2 Bc8 44. Nxd6 Bxh3 45. Qh5 g2+ 46. Bxg2 Bxg2+ 47. Kh2 Qe5+ 0-1

[Event "Moscow"]
[Site "Moscow"]
[Date "1986.??.??"]
[Round "?"]
[White "Romanishin, Oleg M"]
[Black "Razuvaev, Yuri S"]
[Result "1/2-1/2"]
[WhiteElo "2560"]
[BlackElo "2525"]
[PlyCount "102"]
[EventDate "1986.03.??"]
[Source "ChessBase"]

1. c4 e5 2. Nc3 Nf6 3. g3 Bb4 4. Bg2 O-O 5. e4 Bxc3 6. dxc3 d6 7. Ne2 b6 8. O-O Bb7 9. Qc2 Nbd7 10. Be3 a5 11. Rae1 Nc5 12. f3 Qd7 13. Nc1 Qe6 14. b3 a4 15. b4 Ncd7 16. Qe2 Ba6 17. b5 Bb7 18. a3 Rfc8 19. Na2 c6 20. bxc6 Rxc6 21. Nb4 Rcc8 22. Rc1 Qxc4 23. Qxc4 Rxc4 24. Rfd1 Rac8 25. Rxd6 Rxc3 26. Rxc3 Rxc3 27. Bg5 Kf8 28. Bxf6 Nxf6 29. Rxb6 Rc7 30. Bh3 Ne8 31. Kf2 Ke7 32. Rb5 f6 33. Ra5 Nd6 34. Rxa4 Nb5 35. Bf1 Nd4 36. Bd3 Kd6 37. Ke3 Bc8 38. f4 Rc1 39. Ra7 Re1+ 40. Kf2 Rh1 41. fxe5+ fxe5 42. Rxg7 Rxh2+ 43. Ke3 Bd7 44. Nd5 Ra2 45. a4 Bxa4 46. Rxh7 Bd7 47. Rh6+ Be6 48. Rg6 Kc5 49. Rg5 Kd6 50. Rg6 Kc5 51. Rg5 Kd6 1/2-1/2

[Event "Europa ch 2008"]
[Site "Plovdiv BUL"]
[Date "2008.04.24"]
[Round "4.57"]
[White "Lenic, Luka"]
[Black "Skoberne, Jure"]
[Result "1-0"]
[WhiteElo "2584"]
[BlackElo "2492"]
[PlyCount "91"]
[EventDate "2008.04.21"]
[Source "www.chesslib.no"]
[SourceDate "2004.05.04"]

1. c4 e5 2. Nc3 Nf6 3. g3 Bb4 4. Bg2 O-O 5. e4 Nc6 6. Nge2 a6 7. O-O d6 8. d3 Rb8 9. Nd5 Nxd5 10. cxd5 Ne7 11. d4 c6 12. a3 Ba5 13. dxe5 dxe5 14. d6 Ng6 15. Be3 Bg4 16. f3 Be6 17. Qd3 Bb6 18. Rad1 Bc4 19. Qxc4 Bxe3+ 20. Kh1 Qd7 21. Qc3 Ba7 22. h4 f6 23. Kh2 Qf7 24. Bh3 Rfd8 25. Kg2 Nf8 26. f4 Qh5 27. Rd2 exf4 28. Nxf4 Qe5 29. Qxe5 fxe5 30. Ne6 Nxe6 31. Bxe6+ Kh8 32. Rf7 Bd4 33. d7 Rf8 34. Rxf8+ Rxf8 35. Rd3 Rd8 36. b3 Bc5 37. a4 Be7 38. Rf3 g6 39. Rf7 Bb4 40. Kf3 h5 41. g4 Be1 42. gxh5 gxh5 43. Rf5 Kg7 44. Rxh5 Kg6 45. Bg4 Rf8+ 46. Rf5 1-0

[Event "Pan-Pacific"]
[Site "San Francisco, CA USA"]
[Date "1991.??.??"]
[Round "5"]
[White "Polgar, Judit"]
[Black "Torre, Eugenio"]
[Result "0-1"]
[WhiteElo "2540"]
[BlackElo "2535"]
[PlyCount "84"]
[EventDate "1991.??.??"]
[Source "www.chesslib.no"]
[SourceDate "2004.05.04"]

1. c4 e5 2. Nc3 Nf6 3. g3 Bb4 4. Bg2 O-O 5. Nf3 Re8 6. O-O c6 7. d3 h6 8. Ne4 Nxe4 9. dxe4 a5 10. b3 d6 11. Bb2 Be6 12. Nh4 Bc5 13. a3 Nd7 14. e3 Nf6 15. Qd3 Qb8 16. a4 Qc7 17. h3 Nd7 18. Kh2 Bb4 19. Nf5 Nc5 20. Qd1 Rad8 21. g4 b5 22. Rc1 f6 23. f4 Rd7 24. Ng3 Qb6 25. Qc2 Rb8 26. Rf2 exf4 27. Rxf4 bxc4 28. bxc4 Bd2 29. Rb1 Bxe3 30. Rff1 Qb3 31. Bd4 Qxc2 32. Rxb8+ Kh7 33. Bxe3 Bxc4 34. Rf2 Qc3 35. Nf5 Nd3 36. Bd4 Qc1 37. Rf1 Qd2 38. Ba1 d5 39. Nxg7 Rxg7 40. Bxf6 Nf4 41. Rb2 Qxb2 42. Bxb2 Bxf1 0-1

[Event "6. EICC"]
[Site "?"]
[Date "2005.06.28"]
[Round "10"]
[White "Galego Luis"]
[Black "Fedorchuk Sergey A"]
[Result "1-0"]
[WhiteElo "2493"]
[BlackElo "2577"]
[PlyCount "83"]
[EventDate "2005.??.??"]
[Source "www.chesslib.no"]
[SourceDate "2004.05.04"]

1. c4 e5 2. Nc3 Nf6 3. g3 Bc5 4. Bg2 c6 5. e3 d6 6. Nge2 a5 7. d4 Ba7 8. b3 Bf5 9. h3 Na6 10. O-O O-O 11. e4 Bd7 12. Be3 Qe7 13. Qd2 Rfe8 14. Rad1 h6 15. dxe5 dxe5 16. Bxa7 Rxa7 17. Na4 b5 18. cxb5 cxb5 19. Nb6 b4 20. Rc1 Bb5 21. Qe3 Rc7 22. Rfd1 Rd8 23. Nd5 Nxd5 24. exd5 Qd6 25. g4 Rdc8 26. Rxc7 Rxc7 27. Ng3 Rc2 28. Ne4 Qd8 29. Rd2 Rxd2 30. Qxd2 Kf8 31. Ng3 Nc5 32. Qc2 Nd7 33. Qh7 Nf6 34. Qh8+ Ng8 35. Be4 f6 36. Kh2 Qd7 37. Nh5 Qf7 38. d6 g6 39. Bd5 Qxd5 40. Qg7+ Ke8 41. Nxf6+ Nxf6 42. Qe7# 1-0

[Event "Lone Pine op"]
[Site "Lone Pine"]
[Date "1975.??.??"]
[Round "10"]
[White "Forintos, Gyozo V"]
[Black "Browne, Walter S"]
[Result "0-1"]
[WhiteElo "2490"]
[BlackElo "2550"]
[PlyCount "110"]
[EventDate "1975.??.??"]
[Source "ChessBase"]

1. c4 e5 2. Nc3 Nf6 3. g3 Bb4 4. Bg2 O-O 5. e4 Bxc3 6. bxc3 c6 7. Qb3 Na6 8. Ba3 d6 9. Ne2 Be6 10. f4 b5 11. Qc2 Bxc4 12. d3 b4 13. cxb4 Bb5 14. Nc3 exf4 15. gxf4 Ng4 16. Qe2 Qh4+ 17. Kd2 Nf2 18. Nxb5 Nxh1 19. Nd4 Qxf4+ 20. Qe3 Qxh2 21. Rg1 Ng3 22. Nxc6 Qxg2+ 23. Rxg2 Nf1+ 24. Ke2 Nxe3 25. Ne7+ Kh8 26. Kxe3 Nc7 27. Nf5 Ne8 28. b5 f6 29. Nxd6 Nxd6 30. Bxd6 Rfe8 31. a4 Rad8 32. Bc5 Rd7 33. a5 Kg8 34. a6 Kf7 35. Rb2 h5 36. b6 axb6 37. Rxb6 Ra8 38. Rc6 h4 39. d4 h3 40. Kf2 Re8 41. a7 Rdd8 42. Ra6 Ra8 43. Kf3 h2 44. Ra1 g5 45. Kg3 Rxe4 46. Kxh2 Rg4 47. Ra3 Ke6 48. Rf3 Rh8+ 49. Rh3 Rxh3+ 50. Kxh3 Rh4+ 51. Kg3 Rh8 52. Kg4 Rg8 53. d5+ Kxd5 54. Bb6 Ke6 55. Bc7 f5+ 0-1

[Event "Bern Open"]
[Site "Bern SUI"]
[Date "1993.??.??"]
[Round "4"]
[White "Miezis, Normunds"]
[Black "Epishin, Vladimir V"]
[Result "0-1"]
[WhiteElo "2420"]
[BlackElo "2620"]
[PlyCount "70"]
[EventDate "1993.02.??"]
[Source "www.chesslib.no"]
[SourceDate "2004.05.04"]

1. c4 e5 2. Nc3 Nf6 3. g3 Bb4 4. Bg2 O-O 5. e4 Bxc3 6. bxc3 c6 7. Qb3 Na6 8. Ba3 Re8 9. d3 d5 10. cxd5 cxd5 11. exd5 e4 12. O-O-O exd3 13. Rxd3 Bf5 14. Re3 Rxe3 15. fxe3 Qe8 16. c4 b5 17. Ne2 bxc4 18. Qc3 Nc7 19. Bb2 Be4 20. Bxe4 Qxe4 21. Re1 Nb5 22. Qb4 Qxe3+ 23. Kb1 Qd3+ 24. Ka1 c3 25. Nxc3 Nd4 26. Rc1 Nc2+ 27. Rxc2 Qxc2 28. Qd4 Rb8 29. Nb1 Qxh2 30. d6 Qxg3 31. a4 h5 32. Na3 Qe1+ 33. Ka2 Qb4 34. Qe5 h4 35. d7 Qxb2+ 0-1